Umění vést osm rituálů vizionářských vůdců podle Mnicha, který prodal své ferrari
Salvato in:
| Autore principale: | |
|---|---|
| Altri autori: | |
| Natura: | Libro |
| Lingua: | ceco |
| Pubblicazione: |
Praha
Rybka Publishers
2014
|
| Soggetti: | |
| Tags: |
Nessun Tag, puoi essere il primo ad aggiungerne!!
|
MARC
| LEADER | 00000nam a2200000 4500 | ||
|---|---|---|---|
| 001 | 0226863 | ||
| 005 | 20240313090541.8 | ||
| 020 | |a 978-80-87950-09-8 | ||
| 041 | 0 | |a cze | |
| 044 | |a CZ | ||
| 245 | 1 | 0 | |a Umění vést |b osm rituálů vizionářských vůdců podle Mnicha, který prodal své ferrari |c Robin S. Sharma ; překlad: Zuzana Hulvová |
| 264 | 1 | |a Praha |b Rybka Publishers |c 2014 | |
| 300 | |a 263 s. | ||
| 610 | 2 | 0 | |a vodcovstvo |
| 610 | 2 | 0 | |a lídri |
| 610 | 2 | 0 | |a osobnosť |
| 610 | 2 | 0 | |a sebarealizácia |
| 610 | 2 | 0 | |a schopnosti pracovné |
| 610 | 2 | 0 | |a zručnosti |
| 610 | 2 | 0 | |a sebavýchova |
| 610 | 2 | 0 | |a zodpovednosť |
| 610 | 2 | 0 | |a riadenie personálne |
| 610 | 2 | 0 | |a ciele riadenia |
| 610 | 2 | 0 | |a psychológia |
| 100 | 1 | |a Sharma, Robin S. | |
| 700 | 1 | |a Hulvová, Zuzana | |